Consulta Previa : (Registro nro. 4265)

000 -CABECERA
campo de control de longitud fija 01341nam a22002297a 4500
005 - FECHA Y HORA DE LA ÚLTIMA TRANSACCIÓN
campo de control 20251215202540.0
008 - DATOS DE LONGITUD FIJA--INFORMACIÓN GENERAL
campo de control de longitud fija 251215b || fr|||| 00| 0 eng d
020 ## - NÚMERO INTERNACIONAL ESTÁNDAR DEL LIBRO
ISBN 9978-334-04-1
040 ## - FUENTE DE LA CATALOGACIÓN
Centro catalogador/agencia de origen CENDOC CAAAP
Lengua de catalogación spa
Centro/agencia transcriptor CAAAP
041 ## - CÓDIGO DE LENGUA
Código de lengua del texto/banda sonora o título independiente spa
050 ## - SIGNATURA TOPOGRÁFICA DE LA BIBLIOTECA DEL CONGRESO
Número de clasificación KHC 556
Número de documento/Ítem .M45
100 1# - ENTRADA PRINCIPAL--NOMBRE DE PERSONA
9 (RLIN) 5720
Nombre personal Melo, Mario
245 1# - MENCIÓN DE TÍTULO
Título Consulta Previa :
Subtitulo Ambiente y Petróleo en la Amazonía Ecuatoriana /
Mención de responsabilidad, etc. Mario Melo
250 ## - MENCIÓN DE EDICIÓN
Mención de edición 1ra edición
260 #1 - PUBLICACIÓN, DISTRIBUCIÓN, ETC.
Lugar de publicación, distribución, etc. Quito, Ecuador :
Nombre del editor, distribuidor, etc. Centro de Derechos Económicos y Sociales (CDES),
Fecha de publicación, distribución, etc. 2006.
300 ## - DESCRIPCIÓN FÍSICA
Extensión 98 páginas ;
Dimensiones 21 x 15 cm
490 ## - MENCIÓN DE SERIE
Mención de serie Amazonía Contemporánea ;
Volumen 3
520 ## - NOTA DE RESUMEN
Ampliación de la nota de sumario El libro analiza críticamente la aplicación del derecho a la consulta previa en la Amazonía ecuatoriana frente a actividades petroleras. Mario Melo sostiene que, pese a su reconocimiento constitucional y a los compromisos internacionales, la consulta previa se aplica de forma deficiente o inexistente. La investigación identifica la falta de normativa específica, el incumplimiento estatal y la primacía de intereses económicos como factores que debilitan la protección de los pueblos indígenas y del ambiente.
650 #0 - PUNTO DE ACCESO ADICIONAL DE MATERIA--TÉRMINO DE MATERIA
9 (RLIN) 4
Término de materia o nombre geográfico como elemento de entrada Pueblos Indígenas
Subdivisión de forma Consulta previa
Subdivisión general Derechos económicos y sociales
650 #0 - PUNTO DE ACCESO ADICIONAL DE MATERIA--TÉRMINO DE MATERIA
9 (RLIN) 3270
Término de materia o nombre geográfico como elemento de entrada Derecho ambiental
Subdivisión de forma Industria petrolera
Subdivisión general Derechos sociales
942 ## - ELEMENTOS PERSONALIZADOS KOHA
Fuente del sistema de clasificación o colocación
Fecha de catalogación DD - MM - AA
Tipo de ítem Koha Libros
Existencias
Fuente del sistema de clasificación o colocación Localización permanente Ubicación/localización actual Fecha de adquisición Total de préstamos Signatura LC Fecha visto por última vez Tipo de ítem Koha
  CENTRO DE DOCUMENTACIÓN (CENDOC) CENTRO DE DOCUMENTACIÓN (CENDOC) 12/15/2025   KHC 556 .M45 12/15/2025 Libros
Centro de Documentación CAAAP | AV. Manuel González Prada 626, Magdalena del Mar | (51-1) 4615223 Anexo 205 y 209 | cendoc@caaap.org.pe